000 02116nam a22003137a 4500
001 1524
003 FISKH
005 20250530114410.0
008 230901b cb ||||| |||| 00| 0 khr d
020 _a9789995054052
040 _aFISKH
_beng
_cFISKH
_dFISKH
082 _a932
100 _aMichax, Madeleine
245 _aអេស៊ីបសម័យ ព្រះចៅផារ៉ាអុង /
_cនិពន្ធដោយ Madeleine Michaux - ប្រែសម្រួលដោយ ស៊ុនហេង ម៉េងឈាង
250 _aបោះពុម្ពលើកទី៨ ខែកក្កដា ឆ្នាំ ២០២១
260 _aMilan :
_bSipar,
_c2000.
300 _a32 pages :
_bcolor illustrations ;
_c20 cm
490 _aខ្ញុំចង់ដឹង
505 _aZ'
520 _aអេហ្ស៊ីបក្នុងសម័យស្តេចផារ៉ោនផ្តល់ព័ត៌មានជាក់លាក់ជាពីរផ្នែក៖ រឿងនិទាន និងជីវិតប្រចាំថ្ងៃ។ នៅក្នុងរឿងនិទាន វារៀបរាប់អំពីជំនឿ ប្រវត្តិរបស់ព្រះទាក់ទងនឹងបរិស្ថាន និងប្រាសាទដែលមានស្រាប់។ នៅក្នុងជីវិតប្រចាំថ្ងៃ វានិយាយអំពីជំនឿរវាងមនុស្ស និងព្រះ។
520 _aEgypt during Pharaohs provides specific information in two parts: fairy tales and daily life. In fairy tales, it describes beliefs, histories of God related to the environment and the existing temple. In terms of day to day life, it mentions the belief between people and God.
521 8 _a1000
_bLexile estimate
521 8 _aZ'
_bRaz-Plus
650 _aជំនឿ
_vអេស៊ីប
_xព្រះ
650 _aBelieve
_vEgypt
_xGod
700 _aSovanrith, Khun
_eillustrator
700 _aMac, Regis
_eillustrator
942 _2ddc
_cBK
_n0
999 _c1524
_d1524